The poodle and the pea / (Record no. 3072)

MARC details
000 -LEADER
fixed length control field 01017cam a2200265 a 4500
005 - DATE AND TIME OF LATEST TRANSACTION
control field 20240202120423.0
020 ## - INTERNATIONAL STANDARD BOOK NUMBER
International Standard Book Number 9781410967688
040 ## - CATALOGING SOURCE
Original cataloging agency DLC
Transcribing agency DLC
Modifying agency DLC
Language of cataloging eng
050 00 - LIBRARY OF CONGRESS CALL NUMBER
Classification number PZ8.G947
Item number 2013
082 00 - DEWEY DECIMAL CLASSIFICATION NUMBER
Classification number 398.2
100 1# - MAIN ENTRY--PERSONAL NAME
Personal name Guillain, Charlotte
245 14 - TITLE STATEMENT
Title The poodle and the pea /
Statement of responsibility, etc. written by Charlotte Guillain ; illustrated by Dawn Beacon.
260 ## - PUBLICATION, DISTRIBUTION, ETC.
Place of publication, distribution, etc. Chicago, Illinois :
Name of publisher, distributor, etc. Raintree,
Date of publication, distribution, etc. 2013
300 ## - PHYSICAL DESCRIPTION
Extent 24 pages :
Other physical details color illustrations ;
Dimensions 26 cm .
490 0# - SERIES STATEMENT
Series statement Animal fairy tales
505 ## - FORMATTED CONTENTS NOTE
Formatted contents note N <br/>
520 ## - SUMMARY, ETC.
Summary, etc. A simplified version of the familiar tale featuring a young poodle who has been lost in the woods then finds shelter in a palace where, by feeling a pea through many blankets, she proves that she is a real princess. Includes a note on the history of the tale.
521 ## - TARGET AUDIENCE NOTE
Target audience note 560 <br/>
Source Lexile <br/>
521 ## - TARGET AUDIENCE NOTE
Target audience note N <br/>
Source Raz-Plus <br/>
650 #1 - SUBJECT ADDED ENTRY--TOPICAL TERM
Topical term or geographic name entry element dog
Form subdivision fairy tales
700 1# - ADDED ENTRY--PERSONAL NAME
Personal name Beacon, Dawn
906 ## - LOCAL DATA ELEMENT F, LDF (RLIN)
a 7
b cbc
c orignew
d 1
e ecip
f 20
g y-gencatlg
942 ## - ADDED ENTRY ELEMENTS (KOHA)
Source of classification or shelving scheme Dewey Decimal Classification
Koha item type Books
Suppress in OPAC No
999 ## -
-- 3072
-- 3072
Holdings
Withdrawn status Lost status Source of classification or shelving scheme Damaged status Not for loan Collection Home library Current library Shelving location Date acquired Total Checkouts Full call number Barcode Date last seen Date last checked out Price effective from Koha item type Copy number
    Dewey Decimal Classification     Juvenile Fiction Footprints International School Library Network Toul Kork Campus Footprints International School Library Network Toul Kork Campus   02/02/2024 2 GUI 398.2 PZ8.G947 FISBK073113 04/10/2025 09/18/2024 02/02/2024 Books  
    Dewey Decimal Classification     Juvenile Fiction Footprints International School Library Network Toul Kork Campus Footprints International School Library Network Toul Kork Campus TK Primary Library Room(4th Floor), Bookcase 3&4, Shelves 17-32, Yellow Books 11/04/2024   GUI 398.2 PZ8.G947 2024-2278 11/05/2024   11/04/2024 Books 2